000 00505nam a22001217a 4500
999 _c9680
_d9680
003 OSt
008 201203b ||||| |||| 00| 0 eng d
245 _aJournal of Scientific and Industrial Research (JSIR)
250 _a2015(Jan Vol.74 No.1, Feb Vol.74 No.2, Mar Vol.74 No.3, Apr Vol.74 No.4, May Vol.74 No.5, Jun Vol.74 No.6, Aug Vol.74 No.8, Sep Vol.74 No.9, Oct Vol.74 No.10, Nov Vol.74 No.11, Dec Vol.74 No.12)
260 _aNew Delhi
_bCSIR-NISCAIR
650 _aMechanical Engineering
942 _2ddc
_cBV